Para llegar a la problemgeschichte: Una introducción metodológica a la historia del problema = Achieving problemgeschichte: a methodological introduction to problem history /

Sábháilte in:
Sonraí bibleagrafaíochta
Príomhchruthaitheoir: Torres Fauaz, Armando
Formáid: Téacs
Clibeanna: Cuir clib leis
Níl clibeanna ann, Bí ar an gcéad duine le clib a chur leis an taifead seo!

MARC

LEADER 00000 a a2200000 04500
001 47078
003
040
090 |a REV0862 143(I)2014  
100 |a Torres Fauaz, Armando  
245 |a Para llegar a la problemgeschichte: Una introducción metodológica a la historia del problema =   |b Achieving problemgeschichte: a methodological introduction to problem history /  |c Armando Torres Fauaz  
773 |g volumen143, número1, (2014), páginas 101-117  
999 |c 28428  |d 28428 
773 0 |0 18728  |9 3010  |a Universidad de Costa Rica  |d San José, Costa Rica Editorial UCR 1956-  |o 16462  |t Revista de Ciencias Sociales/  |x 04825276